000 00743cam a22002653a 4500
001 5961
003 PGUSA
005 20140828083126.0
008 040601s2004||||xxu|||||s|||||000 1 eng d
040 _aPGUSA
_beng
042 _adc
050 4 _aPS
100 1 _aSinclair, Upton,
_d1878-1968
245 1 0 _aSamuel the Seeker
_h[electronic resource] /
_cUpton Sinclair
260 _bProject Gutenberg,
_c2004
506 _aPublic domain in the USA.
516 _aElectronic text
653 _aSocialism -- Fiction
653 _aUnited States -- Fiction
653 _aYoung men -- Fiction
653 _aSocial problems -- Fiction
830 0 _aProject Gutenberg
_v5961
856 4 0 _uhttp://www.gutenberg.org/ebooks/5961
942 _cEB
999 _c235289
_d235289